Premier League Top Scorer by Country - Statistics

General Stats
  • This quiz has been taken 1,425 times
    15 since last reset
  • The average score is 40 of 109
Answer Stats
Country Goals Answer % Correct
Ivory Coast 104 Didier Drogba
100%
Egypt 193 Mohamed Salah
100%
Algeria 82 Riyad Mahrez
100%
Belgium 121 Romelu Lukaku
100%
Argentina 184 Sergio Aguëro
100%
South Korea 127 Son Heung-min
100%
England 260 Alan Shearer
93%
Chile 63 Alexis Sánchez
93%
Bosnia and Herzegovina 50 Edin Džeko
93%
France 175 Thierry Henry
93%
Portugal 103 Cristiano Ronaldo
86%
Bulgaria 94 Dimitar Berbatov
86%
Norway 111 Erling Haaland
86%
Gabon 69 Pierre-Emerick Aubameyang
86%
New Zealand 91 Chris Wood
79%
Spain 85 Fernando Torres
79%
Uruguay 67 Luis Suárez
79%
Netherlands 144 Robin van Persie
79%
Senegal 111 Sadio Mané
79%
Togo 97 Emmanuel Adebayor
71%
Republic of Ireland 126 Robbie Keane
71%
United States 57 Clint Dempsey
64%
Iceland 67 Gylfi Sigurðsson
64%
Armenia 13 Henrikh Mkhitarayan
64%
Australia 92 Mark Viduka
64%
Ecuador 24 Antonio Valencia
57%
Albania 9 Armando Broja
57%
Denmark 55 Christian Eriksen
57%
Trinidad and Tobago 123 Dwight Yorke
57%
Liberia 4 George Weah
57%
Japan 23 Kaoru Mitoma
57%
Brazil 82 Roberto Firmino
57%
Wales 109 Ryan Giggs
57%
Switzerland 22 Xherdan Shaqiri
57%
Sweden 57 Alexander Isak
50%
Belarus 8 Aliaksandr Hleb
50%
Austria 43 Marko Arnautovic
50%
Jamaica 68 Michail Antonio
50%
Serbia 38 Aleksandar Mitrović
43%
Cuba 1 Onel Hernández
43%
Italy 66 Paolo Di Canio
43%
Mexico 68 Raúl Jiménez
43%
Venezuela 36 Salomón Rondón
43%
Israel 31 Yossi Benayoun
43%
Slovenia 11 Benjamin Šeško
36%
Scotland 68 Duncan Ferguson
36%
Kenya 10 Victor Wanyama
36%
Nigeria 95 Yakubu Ayegbeni
36%
Cameroon 52 Bryan Mbeumo
29%
Bangladesh 1 Hamza Choudhury
29%
Peru 49 Nolberto Solano
29%
Costa Rica 50 Paulo Wanchope
29%
Gambia 9 Yankuba Minteh
29%
D.R. Congo 46 Yoane Wissa
29%
Russia 42 Andrei Kanchelskis
21%
South Africa 37 Benni McCarthy
21%
Ghana 42 Jordan Ayew
21%
Colombia 44 Juan Pablo Ángel
21%
Latvia 42 Marians Pahars
21%
Finland 34 Mikael Forssell
21%
Paraguay 26 Roque Santa Cruz
21%
Benin 25 Stéphane Sessègnon
21%
Guinea-Bissau 20 Beto
14%
Burkina Faso 16 Dango Ouattara
14%
Romania 23 Dan Petrescu
14%
Mali 43 Frédéric Kanouté
14%
Germany 45 İlkay Gündoğan
14%
Dominican Republic 1 Junior Firpo
14%
Poland 10 Matty Cash
14%
Croatia 29 Nikica Jelavić
14%
Zambia 10 Patson Daka
14%
Ukraine 10 Serhiy Rebrov
14%
Montenegro 8 Stevan Jovetić
14%
Czechia 41 Tomáš Souček
14%
Haiti 6 Wilson Isidor
14%
Hungary 17 Zoltán Gera
14%
Mauritania 3 Aboubakar Kamara
7%
Iran 5 Ashkan Dejagah
7%
Guyana 28 Carl Cort
7%
Congo (Republic) 16 Christopher Samba
7%
Gibraltar 9 Danny Higginbotham
7%
Barbados 11 Emmerson Boyce
7%
Morocco 16 Hassan Kachloul
7%
Northern Ireland 33 Iain Dowie
7%
Angola 6 Ivan Cavaleiro
7%
Grenada 36 Jason Roberts
7%
Curaçao 6 Leandro Bacuna
7%
Honduras 4 Maynor Figueroa
7%
Tanzania 1 Mbwana Samatta
7%
Antigua and Barbuda 2 Mikele Leigertwood
7%
Kosovo 1 Milot Rashica
7%
Guatemala 4 Nathanial Mendez-Laing
7%
Equatorial Guinea 3 Pedro Obiang
7%
Tunisia 8 Radhi Jaïdi
7%
Estonia 1 Ragnar Klavan
7%
Montserrat 36 Ruel Fox
7%
Burundi 23 Saido Berahino
7%
Bermuda 13 Shaun Goater
7%
Greece 20 Stelios Giannakopoulos
7%
Sierra Leone 8 Steven Caulker
7%
China 3 Sun Jihai
7%
Georgia 8 Temur Ketsbaia
7%
Guinea 9 Titi Camara
7%
Canada 35 Tomasz Radzinski
7%
St. Kitts and Nevis 1 Bobby Bowry
0%
North Macedonia 4 Gjorgji Hristov
0%
Turkey 34 Muzzy Izzet
0%
Zimbabwe 34 Peter Ndlovu
0%
Slovakia 23 Szilárd Németh
0%
No matching quizzes found
Score Distribution
Percent of People with Each Score
Percentile by Number Answered
Your Score History
You have not taken this quiz since the last reset